LEADER 01244nam a2200265 i 4500 001 000000159736 003 CaOOAMICUS 005 20070302000000.0 008 070302s1981 it u000 u ita u 013 $a137099 040 $aSeMil$bita 100 1 $aSemenzato, Camillo,$d<1922- >.$0(OLS)http://semarc/name/17217 245 10$aSant'Antonio :$bin settecentocinquant'anni di storia dell'arte /$ctesto di Camillo Semenzato. 246 04$iTitolo in copertina:$aSant'Antonio nell'arte 260 $aMilano :$bA. Martello,$ccopyr. 1981. 300 $a38 p., [114] p. di tav. :$briccamente ill. ;$c37 cm. 500 $aAi pie' del front : Banca Antoniana di Padova e Trieste. - Fondo Card. Carlo Maria Martini. 650 4$aAntonio : da Padova - Arte.$0(OLS)http://semarc/subject/17243 850 $aSeMil 852 $aSeMil$W1$xVenegono$y1$m5I VII 7$j111266$B111266$CSeMilBibl$Z2$F120989 $8I 941 1 $a4 961 $aOmaggio: Martini Card. Carlo Maria 996 $6245$aSant'Antonio :$bin settecentocinquant'anni di storia dell'arte$9(OLS)http://semarc/title/141926 996 $6246$aSant'Antonio nell'arte$9(OLS)http://semarc/title/141927 996 $6260$aMilano :$bA. Martello$9(OLS)http://semarc/publisher/32451 LEADER 00811nam a2200169 i 4500 001 000000017250 003 CaOOAMICUS 005 20180830125443.0 008 180830n it u000 u ita u 040 $aSeMil$bita 245 10$aStudi e documenti per la storia del Palazzo Apostolico Vaticano /$cpubblicati a cura della Biblioteca Apostolica Vaticana. 260 $aCittą del Vaticano :$bBiblioteca Apostolica Vaticana,$c[195?] 300 $av. ;$c36 cm. 710 0 $aBiblioteca Apostolica Vaticana.$0(OLS)http://semarc/name/101 774 0 $aAckerman, James S.$tCortile del Belvedere.$gVol.3$w()158817 996 $6245$aStudi e documenti per la storia del Palazzo Apostolico Vaticano$9(OLS)http://semarc/title/22815 996 $6260$aCittą del Vaticano :$bBiblioteca Apostolica Vaticana$9(OLS)http://semarc/publisher/29667